Word Ladder: Woodstock Quiz Stats

 Plays Quiz Updated Aug 15, 2019

Score 0/27 Timer 03:00
2 Plays Today
Clue 4-Letter Word % Correct
Ten penniesDIME
98%
Genre of music featured at Woodstock☆ ROCK ☆
97.8%
Board game cubesDICE
97.3%
Grain grown in a paddyRICE
97.2%
Legendary guitarist: _____ Hendrix☆ JIMI ☆
95.8%
Throw lightly; make a saladTOSS
94.8%
Silent clownMIME
94%
Morty's genius scientist grandpaRICK
93.8%
Bruce Springsteen's nicknameBOSS
93.4%
Not a womanMALE
92.2%
Underground mammalMOLE
91.1%
Bundle of hayBALE
91.1%
Freshwater or saltwater fishBASS
90.3%
Either end of a magnetPOLE
89.1%
Clue 4-Letter Word % Correct
Singer-songwriter who wrote 'Woodstock': _____ Mitchell☆ JONI ☆
88.4%
Performers in a playCAST
88.3%
Supergroup quartet: Crosby, Stills, _____ & Young☆ NASH ☆
87.6%
A heavy blowBASH
86.1%
Fairy-like being of Aboriginal Australian folkloreMIMI
85.7%
A large amountTONS
85.7%
Nobel-prize winning author: _____ MorrisonTONI
85.1%
11th president of the United StatesPOLK
85%
Genre of music featured at Woodstock☆ FOLK ☆
83.9%
Magazine publisher (Vogue, The New Yorker, etc.): Condé ____NAST
81.8%
Network architecture developed by Sun MicrosystemsJINI
80.4%
Center of operationBASE
76.8%
Protective containerCASE
76%

Today's Daily Dose

Missing Word
Banned Books (A-Z)

Word Ladder
Janis Joplin

Get the Picture
Occupations

You're not logged in!

Compare scores with friends on all Sporcle quizzes.
OR
Log In

Sporcle TV

Today on Sporcle TV


Watch our educational content, quiz creation guides, and fun videos on Sporcle TV.

Show Comments

Extras

Top Quizzes Today


Score Distribution

Your Account Isn't Verified!

In order to create a playlist on Sporcle, you need to verify the email address you used during registration. Go to your Sporcle Settings to finish the process.

Report this User

Report this user for behavior that violates our Community Guidelines.

Details: